Project Risk Management as the Part of the Enterprise Risk Management

Manažment rizika je procesom trvalého zlepšovania cieľovo orientovaného riadenia podniku. Význam zavedenia efektívneho riadenia rizík v podniku sa stáva integrálnou súčasťou dobrého riadenia.

Salvato in:
Dettagli Bibliografici
Autore principale: Rybárová, Daniela, 1967-
Natura: Capitolo di libro
Lingua:slovacco
Soggetti:
Tags: Aggiungi Tag
Nessun Tag, puoi essere il primo ad aggiungerne!!

MARC

LEADER 00000nla a2200000 4500
001 0184300
005 20240522093153.5
041 0 |a slo 
044 |a CZ 
245 1 0 |a Project Risk Management as the Part of the Enterprise Risk Management  |c Daniela Rybárová 
520 |a Manažment rizika je procesom trvalého zlepšovania cieľovo orientovaného riadenia podniku. Význam zavedenia efektívneho riadenia rizík v podniku sa stáva integrálnou súčasťou dobrého riadenia. 
610 2 0 |a manažment 
610 2 0 |a risk management 
610 2 0 |a riadenie podnikové 
610 2 0 |a riadenie projektové 
610 2 0 |a riadenie podľa cieľov 
610 2 0 |a metódy riadenia 
100 1 |a Rybárová, Daniela, 1967-